[Event "South America School 24th"]
[Site "Arequipa"]
[Date "2018.12.05"]
[Round "6.2"]
[White "Perez Herrera, Giannella"]
[Black "Martinez Zambrano, Karina Paola"]
[Result "0-1"]
[WhiteElo "1337"]
[BlackElo "1518"]
[PlyCount "42"]
[EventDate "2018.12.03"]
[EventType "team-swiss"]
[EventRounds "9"]
[EventCountry "PER"]
[SourceTitle "EXT 2024"]
[Source "ChessBase"]
[SourceDate "2023.10.10"]
[SourceVersion "1"]
[SourceVersionDate "2023.10.10"]
[SourceQuality "1"]
[WhiteTeam "Chile U14"]
[BlackTeam "Ecuador U14"]
[WhiteTeamCountry "CHI"]
[BlackTeamCountry "ECU"]

1. e4 c5 2. Nf3 Nc6 3. d4 cxd4 4. Nxd4 g6 5. Be3 Bg7 6. Nc3 Nf6 7. h3 d5 8. Nxc6 bxc6 9. Bd4 0-0 10. Qd3 Qa5 11. f3 dxe4 12. fxe4 c5 13. Bxf6 Bxf6 14. 0-0-0 Rb8 15. a3 Be6 16. Be2 Rxb2 17. Kxb2 Rb8+ 18. Kc1 Bxc3 19. Qa6 Bb2+ 20. Kb1 Bxa3+ 21. Ka1 Qc3# 0-1

[Event "South American-ch U12 Girls"]
[Site "Santiago de Chile"]
[Date "2016.12.01"]
[Round "1.6"]
[White "Valderrama Orellana, Antonia"]
[Black "Perez Herrera, Giannella"]
[Result "0-1"]
[WhiteElo "1196"]
[BlackElo "1531"]
[PlyCount "66"]
[EventDate "2016.12.01"]
[EventType "swiss"]
[EventRounds "9"]
[EventCountry "CHI"]
[SourceTitle "EXT 2022"]
[Source "ChessBase"]
[SourceDate "2021.10.06"]
[SourceVersion "1"]
[SourceVersionDate "2021.10.06"]
[SourceQuality "1"]

1. e4 c5 2. Nf3 e6 3. c3 d5 4. exd5 exd5 5. d4 Nc6 6. Ne5 Bd6 7. Nxc6 bxc6 8. dxc5 Bxc5 9. c4 Be6 10. Be2 dxc4 11. 0-0 Nf6 12. Qxd8+ Rxd8 13. Rd1 Rxd1+ 14. Bxd1 0-0 15. b3 Bd4 16. Ba3 Bxa1 17. Bxf8 Kxf8 18. bxc4 Bxc4 19. Bb3 Bxb3 20. axb3 a5 21. Na3 Bc3 22. Kf1 Ke7 23. Ke2 Bb4 24. Nc4 Ne4 25. Ne5 c5 26. Nc6+ Kd6 27. Nxb4 cxb4 28. Ke3 Nc3 29. Kd4 Kc6 30. f4 Ne2+ 31. Ke4 Nc1 32. Kd4 Kb5 33. Kd5 Nxb3 0-1